| 000 | 00363nam a2200157Ia 4500 | ||
|---|---|---|---|
| 003 | OSt | ||
| 005 | 20240102044232.0 | ||
| 008 | 170524s9999 xx 000 0 und d | ||
| 020 | _a9780198065340 | ||
| 040 | _ciimtu | ||
| 100 | _aLathi- B.P. | ||
| 245 | 0 | _aModern Digital and Analog Communication Systems | |
| 260 | _bOxford | ||
| 260 | _c2010 | ||
| 942 |
_2ddc _c02 |
||
| 999 |
_c5947 _d5947 |
||